The complete idiot's guide to accounting (Record no. 423011)

MARC details
000 -LEADER
fixed length control field 00282nam a2200097Ia 4500
082 ## - DEWEY DECIMAL CLASSIFICATION NUMBER
Classification number 657 EPST
008 - FIXED-LENGTH DATA ELEMENTS--GENERAL INFORMATION
fixed length control field 210817s9999 xx 000 0 und d
100 ## - MAIN ENTRY--PERSONAL NAME
Personal name EPSTEIN, Lita Indianapolis, IN, 2003
9 (RLIN) 99585
245 #0 - TITLE STATEMENT
Title The complete idiot's guide to accounting
942 ## - ADDED ENTRY ELEMENTS
item type Books

No items available.